Aids and local government in South Africa: Examining the impact of and epidemic on ward councillors /
Gorde:
| Egile nagusia: | |
|---|---|
| Beste egile batzuk: | |
| Formatua: | Liburua |
| Hizkuntza: | English |
| Argitaratua: |
Pretoria, Sudáfrica:
Idasa,
2009
|
| Etiketak: |
Etiketa erantsi
Etiketarik gabe, Izan zaitez lehena erregistro honi etiketa jartzen!
|
MARC
| LEADER | 00000nam a22000007a 4500 | ||
|---|---|---|---|
| 003 | cru CIDCACS/IIS | ||
| 005 | 20240701163551.0 | ||
| 008 | 240701b2009 sa ||||| |||| 00| 0 eng d | ||
| 020 | |a 978-1-920118-74-7 | ||
| 040 | |a cru CIDCACS/IIS |b spa |c cru CIDCACS/IIS | ||
| 090 | |a 15.04.02 C541a | ||
| 100 | 1 | |a Chirambo, Kondwani |9 12208 | |
| 245 | 1 | |a Aids and local government in South Africa: |b Examining the impact of and epidemic on ward councillors / |c Kondwani Chirambo y Justin Steyn |h [impreso] | |
| 260 | |a Pretoria, Sudáfrica: |b Idasa, |c 2009 | ||
| 300 | |a 118 páginas | ||
| 650 | 0 | 7 | |0 TESAUROS |2 TESAUROS |
| 700 | 1 | |a Steyn, Justin |9 12209 | |
| 942 | |2 z |c LI |h <script>document.querySelector('[id^="tag_090_subfield_a"]').value</script> |i 12637 |k 15.04.02 |m C541a |6 SCRIPTDOCUMENTQUERYSELECTORIDTAG_090_SUBFIELD_AVALUESCRIPT_12637 | ||
| 999 | |c 45854 |d 45854 | ||



